Skład FC Barcelona 2024/25 - Statystyki

Ogólne statystyki
  • Ten quiz został rozwiązany 7 559 razy
    5 987 od ostatniego zresetowania
  • Średni wynik to 19 z 28
Statystyki odpowiedzi
Zawodnik Wiek Pozycja Narodowość Wartość % Poprawnych
Wojciech Szczęsny 34 Bramkarz Polska 1,00 mln €
99%
Robert Lewandowski 36 Środkowy napastnik Polska 15,00 mln €
93%
Marc-André ter Stegen 32 Bramkarz Niemcy 28,00 mln €
92%
Lamine Yamal 17 Prawy napastnik Hiszpania 120,00 mln €
91%
Pedri 21 Środkowy pomocnik Hiszpania 80,00 mln €
88%
Gavi 20 Środkowy pomocnik Hiszpania 90,00 mln €
84%
Jules Koundé 25 Środkowy obrońca Francja 45,00 mln €
84%
Ronald Araujo  25 Środkowy obrońca Urugwaj 70,00 mln €
83%
Iñaki Peña 25 Bramkarz Hiszpania 8,00 mln €
82%
Pau Cubarsí 17 Środkowy obrońca Hiszpania 30,00 mln €
81%
Pablo Torre 21 Środkowy pomocnik Hiszpania 3,00 mln €
78%
Alejandro Balde 20 Lewy obrońca Hiszpania 40,00 mln €
77%
Frenkie de Jong  27 Środkowy pomocnik Holandia 70,00 mln €
76%
Andreas Christensen 28 Środkowy obrońca Dania 40,00 mln €
73%
Raphinha 27 Prawy napastnik Brazylia 50,00 mln €
73%
Dani Olmo 26 Ofensywny pomocnik Hiszpania 60,00 mln €
72%
Ferran Torres 24 Lewy napastnik Hiszpania 30,00 mln €
68%
Iñigo Martínez 33 Środkowy obrońca Hiszpania 5,00 mln €
67%
Eric García 23 Środkowy obrońca Hiszpania 20,00 mln €
59%
Fermín López 21 Środkowy pomocnik Hiszpania 30,00 mln €
59%
Marc Casadó 20 Defensywny pomocnik Hiszpania 2,50 mln €
52%
Héctor Fort 18 Prawy obrońca Hiszpania 10,00 mln €
49%
Ansu Fati  21 Lewy napastnik Hiszpania 25,00 mln €
45%
Marc Bernal 17 Defensywny pomocnik Hiszpania 1,00 mln €
41%
Pau Víctor 22 Środkowy napastnik Hiszpania 1,50 mln €
41%
Clément Lenglet 29 Środkowy obrońca Francja 10,00 mln €
29%
Mikayil Faye 20 Środkowy obrońca Senegal 10,00 mln €
18%
Álex Valle 20 Lewy obrońca Hiszpania 2,50 mln €
7%
Nie znaleziono quizów pasujących do podanych kryteriów
Rozkład punktacji
Procent ludzi z każdym wynikiem
Percentyl według liczby udzielonych odpowiedzi
Twoja historia wyników
Nie rozwiązałeś tego quizu od ostatniego zresetowania